[Event "Corsico op2"]
[Site "Corsico"]
[Date "1996.??.??"]
[Round "5"]
[White "Cappello, Guido"]
[Black "Benvenuti, Carlo"]
[Result "0-1"]
[WhiteElo "2195"]
[BlackElo "2200"]

1.e4 d6 2.d4 Nf6 3.Nc3 c6 4.Nf3 Bg4 5.h3 Bh5 6.g4 Bg6 7.e5 dxe5 8.Nxe5 Nbd7
9.Nxg6 hxg6 10.g5 Nd5 11.Nxd5 cxd5 12.Qf3 e6 13.h4 b5 14.h5 Rxh5 15.Rxh5 gxh5
16.Qxh5 g6 17.Qe2 a6 18.a4 b4 19.a5 Nb8 20.Bd2 Nc6 21.c3 Bg7 22.Qd1 Kf8 23.cxb4 Nxd4
24.Rc1 Qd6 25.Rc5 Qe5+ 26.Be3 Nf5 27.Qc1 Kg8 28.b5 axb5 29.Rc8+ Rxc8 30.Qxc8+ Kh7
31.a6 Nxe3 32.fxe3 Qxe3+ 33.Be2 Bxb2 34.Qc7 Bc3+ 35.Kf1 Qc1+ 36.Kg2 Qxg5+
37.Kh1 Qh4+ 38.Kg2 Qe4+ 39.Bf3 Qc2+ 40.Kg1 Qd3 41.Kg2 Qc2+ 42.Kf1 Qb1+ 43.Kg2 Qb2+
44.Kf1 Qa1+ 45.Kg2 Kg7 46.Bg4 Bd4  0-1

[Event "CZE-chT 9596"]
[Site "?"]
[Date "1996.??.??"]
[Round "2"]
[White "Suran, Jan"]
[Black "Manik, Mikulas"]
[Result "1/2-1/2"]
[WhiteElo "2300"]
[BlackElo "2345"]

1.e4 d6 2.d4 Nf6 3.Nc3 c6 4.f4 Qa5 5.e5 Ne4 6.Qf3 Bf5 7.Bd3 d5 8.g4 Nxc3
9.gxf5 Nb5+ 10.Bd2 Qb6 11.c3 Nc7 12.Nh3 Nd7 13.Ng5 c5 14.O-O-O cxd4 15.cxd4 Qxd4
16.Be3 Qa4 17.Kb1 Nb6 18.Qh5 g6 19.fxg6 fxg6 20.Bxg6+ hxg6 21.Qxh8 Nc4 22.Bc1 O-O-O
23.Qh3+ Kb8 24.Qd3 Nb5 25.Ne6 Rc8 26.Qb3 Qa5 27.Nxf8 Rxf8 28.Rhg1 Rc8 29.Rxg6 Rc5
30.Rg8+ Kc7 31.Ka1 Nb6 32.a3 Nd4 33.Rxd4 Rxc1+ 34.Ka2 Qe1 35.Qd3 a5 36.a4 Nc4
37.Rxc4+ Rxc4 38.Qa3 Rc1 39.Qxe7+ Kb6 40.Qd8+ Kc5 41.Qd6+ Kd4 42.Qb6+ Ke4  1/2-1/2

[Event "CZE-chT 9596"]
[Site "?"]
[Date "1996.??.??"]
[Round "8"]
[White "Ioseliani, Nana"]
[Black "Jansa, Vlastimil"]
[Result "1-0"]
[WhiteElo "2485"]
[BlackElo "2500"]

1.e4 d6 2.d4 Nf6 3.Nc3 e5 4.Nf3 Nbd7 5.Bc4 Be7 6.O-O O-O 7.a4 c6 8.Qe2 Qc7
9.Ba2 b6 10.Rd1 a6 11.dxe5 dxe5 12.Nh4 Nc5 13.Nf5 Bxf5 14.exf5 b5 15.axb5 axb5
16.Bg5 Ra7 17.Bxf6 Bxf6 18.Qe3 Qe7 19.b4 Na4 20.Ne4 Rd7 21.g4 Rfd8 22.Rxd7 Qxd7
23.c3 Be7 24.Bb3 h6 25.h3 Qc7 26.f6 Bxf6 27.Nxf6+ gxf6 28.Qxh6 Qe7 29.Qg6+ Kf8
30.Qh7 Qa7 31.g5 fxg5 32.Re1 Qc7 33.Rxe5 Rd1+ 34.Kg2  1-0

[Event "CZE-chT1 9596"]
[Site "CZE"]
[Date "1996.??.??"]
[Round "?"]
[White "Efler, Lukas"]
[Black "Hlavnicka, Jiri"]
[Result "1/2-1/2"]
[WhiteElo "2240"]
[BlackElo "2210"]

1.e4 d6 2.d4 Nf6 3.Nc3 c6 4.g3 e5 5.Bg2 Be7 6.Nge2 O-O 7.O-O b5 8.h3 b4 9.Nb1 Nbd7
10.a3 bxa3 11.Nxa3 Qc7 12.c3 Re8 13.g4 d5 14.exd5 Nxd5 15.c4 N5b6 16.Qc2 Bb7
17.Be3 exd4 18.Nxd4 Ne5 19.c5 Nd5 20.Nf5 Ba6 21.Rfd1 Nxe3 22.Nxe3 Rad8 23.Be4 g6
24.Kg2 Rxd1 25.Rxd1 Qa5 26.Rc1 Bg5 27.Qc3 Qc7 28.Re1 Bf6 29.Qc2 Qa5 30.Rd1 Qb4
31.f3 Bg5 32.Nf1  1/2-1/2

[Event "CZE-chT2a 9596"]
[Site "CZE"]
[Date "1996.??.??"]
[Round "?"]
[White "Jacek, Miloslav"]
[Black "Trojan, Lubos"]
[Result "0-1"]
[WhiteElo "2190"]
[BlackElo "2200"]

1.e4 d6 2.d4 Nf6 3.Nc3 c6 4.g3 g6 5.Bg2 Bg7 6.Nge2 O-O 7.O-O e5 8.h3 Qc7
9.Be3 Nbd7 10.Qd2 b5 11.a3 Ba6 12.Rfe1 Rab8 13.b3 Rfe8 14.Rad1 Bf8 15.Bh6 Be7
16.g4 Bc8 17.Ng3 Kh8 18.Bf1 a6 19.Kg2 Ng8 20.Be3 Nf8 21.f4 Ne6 22.fxe5 dxe5
23.d5 Rd8 24.Qc1 Nf4+ 25.Kf3 b4 26.axb4 Bxb4 27.Bd2 cxd5 28.Nxd5 Nxd5 29.exd5 Rxd5
30.Bxb4 Rxd1 31.Qxd1 Rxb4 32.Bc4 Bb7+ 33.Ke3 Rb6 34.Kd2 Rd6+ 35.Bd3 Qa5+
36.Kc1 Qa1+ 37.Kd2 Qd4 38.Qe2 f6 39.c3 Qf4+ 40.Qe3 Qxe3+ 41.Kxe3 Ne7 42.c4 Rb6
43.Bc2 Nc6 44.Rb1 Nb4 45.Be4 Bxe4 46.Nxe4 f5 47.gxf5 gxf5 48.Nc5 Rh6 49.Rh1 Nc2+
50.Kd3 Nd4 51.b4 Rd6 52.Kc3 Kg7 53.Nd3 Kf6 54.c5 Nb5+ 55.Kc2 Rd4 56.Ra1 Rc4+
57.Kd2 Nc7 58.Rb1 e4 59.Nf4 Ke5 60.Ne2 f4 61.Nc3 f3 62.Nd1 Kf4 63.Rb3 Nd5
64.Nc3 Rd4+ 65.Ke1 e3 66.c6 f2+ 67.Ke2 Rd2+ 68.Kf1 Nxc3  0-1

[Event "CZE-chT2c 9596"]
[Site "CZE"]
[Date "1996.??.??"]
[Round "7"]
[White "Walek, Milan"]
[Black "Knazovcik, Ladislav"]
[Result "1/2-1/2"]
[WhiteElo "2310"]
[BlackElo "2310"]

1.e4 d6 2.d4 Nf6 3.Nc3 c6 4.Nf3 Bg4 5.h3 Bh5 6.Be2 e6 7.O-O Be7 8.Be3 d5
9.exd5 cxd5 10.Ne5 Bxe2 11.Qxe2 Nc6 12.f4 g6 13.Rad1 Nh5 14.Qf3 Ng7 15.g4 f5
16.Ne2 O-O 17.g5 Qc7 18.c3 Rfc8 19.Ng3 Nxe5 20.dxe5 Qc4 21.a3 b5 22.Bd4 a5
23.Qe2 Qb3 24.Rf3 Qa4 25.Qd2 Qc4 26.Qe2 Qxe2 27.Nxe2 Ne8 28.Rff1 Nc7 29.Ra1 Na6
30.b4  1/2-1/2

[Event "Decin op"]
[Site "Decin"]
[Date "1996.??.??"]
[Round "1"]
[White "Orsag, Milan"]
[Black "Braun, Gottfried"]
[Result "1-0"]
[WhiteElo "2410"]
[BlackElo "2330"]

1.e4 d6 2.d4 Nf6 3.Nc3 e5 4.dxe5 dxe5 5.Qxd8+ Kxd8 6.Bc4 Be6 7.Bxe6 fxe6
8.Be3 Bb4 9.f3 Nbd7 10.O-O-O Ke7 11.Nh3 Rhd8 12.Nf2 Bc5 13.Bxc5+ Nxc5 14.Rxd8 Rxd8
15.b4 Ncd7 16.Nd3 a5 17.a3 Ra8 18.Kb2 Ne8 19.Nd1 Nd6 20.Ne3 b5 21.Rc1 Rb8
22.Kb3 Rc8 23.c4 c5 24.bxa5 bxc4+ 25.Nxc4 Rb8+ 26.Ka4 Nxc4 27.Rxc4 Kd6 28.Rc2 Ra8
29.Nb2 Kc6 30.Nc4 Rd8 31.Rd2 Rb8 32.Rd6+ Kc7 33.Rxe6 Kd8 34.a6 Ra8 35.Rd6  1-0

[Event "Decin op"]
[Site "Decin"]
[Date "1996.??.??"]
[Round "8"]
[White "Gross, Stefan"]
[Black "Pribyl, Josef"]
[Result "0-1"]
[WhiteElo "2330"]
[BlackElo "2460"]

1.e4 Nf6 2.Nc3 d6 3.d4 e5 4.dxe5 dxe5 5.Qxd8+ Kxd8 6.Bg5 c6 7.O-O-O+ Ke8
8.f4 Be7 9.f5 h6 10.Bxf6 Bxf6 11.Nf3 Nd7 12.g4 Bg5+ 13.Kb1 Ke7 14.h4 Bf4
15.Bh3 f6 16.h5 Bg5 17.a4 a5 18.Bf1 Nc5 19.Bc4 b6 20.Nxg5 fxg5 21.Rh2 Ra7
22.Rhd2 Rd7 23.Rxd7+ Bxd7 24.b3 Ra8 25.Kc1 Rd8 26.Be2 Nb7 27.Rd3 Nd6 28.Kd2 Bc8
29.Ke3 Bb7 30.Rd2 Bc8 31.Nb1 Bd7 32.Na3 Be8 33.Nc4 Nxc4+ 34.Bxc4 Rxd2 35.Kxd2 Kd6
36.c3 Kc5 37.Bd3 b5 38.axb5 cxb5 39.Kc2 Bc6 40.Kb2 b4 41.Kc2 a4 42.cxb4+ Kxb4
43.bxa4 Bxa4+ 44.Kd2 Bb5 45.Bc2 Kc4 46.Ke3 Kc3 47.Bd1 Bc4 48.Ba4 Bb3 49.Bb5 Bd1
50.Bd7 Bb3 51.Bb5 Bc4 52.Ba4 Ba6 53.Bd7 Kc2 54.Ba4+ Kc1 55.Bb3 Bb5 56.Ba2 Kd1
57.Be6 Ke1 58.Bc8 Kf1 59.Kf3 Kg1 60.Be6 Kh2 61.Bb3 Bf1 62.Bc2 Kh3 63.Kf2 Bg2
64.Bd3 Bh1 65.Be2 Bxe4 66.Ke3 Bg2 67.Kf2 e4  0-1

[Event "DEN-ch qual"]
[Site "?"]
[Date "1996.??.??"]
[Round "5"]
[White "Pedersen, Nicolai Vesterbaek"]
[Black "Hoiberg, Nina"]
[Result "1-0"]
[WhiteElo "2290"]
[BlackElo "2290"]

1.e4 d6 2.d4 Nf6 3.Nc3 c6 4.f4 e5 5.dxe5 dxe5 6.Qxd8+ Kxd8 7.fxe5 Ng4 8.Nf3 Bc5
9.Bc4 Ke7 10.Ke2 Nd7 11.Bg5+ f6 12.exf6+ gxf6 13.Bd2 b5 14.Bd3 Rg8 15.g3 Nde5
16.Nxe5 Nxe5 17.Be3 Bd6 18.Bf4 Bg4+ 19.Kf2 Nxd3+ 20.cxd3 Rad8 21.Bxd6+ Rxd6
22.h3 Be6 23.Rhd1 Rgd8 24.d4 Rxd4 25.Nd5+ R4xd5 26.exd5 cxd5 27.g4 Rc8 28.Rac1 Kd6
29.Rxc8 Bxc8 30.Re1 Be6 31.Ke3 Bf7 32.Kd4 Bg6 33.Rc1 Be4 34.Rc8 Bg2 35.h4 Bf3
36.Rg8 a5 37.Rg7 Be4 38.Rb7 b4 39.Rb5 Bf3 40.g5 fxg5 41.hxg5 Ke6 42.Rxa5 Kf5
43.Ra7 Kg6 44.Ke5 Be4 45.Kf4 Bb1 46.Ra6+ Kf7 47.Ke5 Bd3 48.Rf6+  1-0

[Event "Dresden (Women)"]
[Site "Dresden"]
[Date "1996.??.??"]
[Round "?"]
[White "Weclawski, Doris"]
[Black "Werner, Isabel"]
[Result "0-1"]
[WhiteElo "2065"]
[BlackElo "2210"]

1.d4 d6 2.e4 Nf6 3.Nc3 c6 4.Nf3 Bg4 5.h3 Bh5 6.g4 Bg6 7.Qe2 e6 8.h4 h5 9.g5 Nfd7
10.Be3 Be7 11.Bh3 O-O 12.O-O-O d5 13.Ne5 Nxe5 14.dxe5 Qa5 15.f4 dxe4 16.Bg2 Bb4
17.Nb1 Qxa2 18.Bd2 Bc5 19.Bxe4 Bxe4 20.Qxe4 g6 21.Bb4 Qa4 22.c3 Na6 23.b3 Qxb3
24.Nd2 Qa2 25.Nb1 Bxb4 26.cxb4 Qb3 27.Rd4 c5 28.bxc5  0-1

[Event "Dresden (Women)"]
[Site "Dresden"]
[Date "1996.??.??"]
[Round "?"]
[White "Buettner, Uta"]
[Black "Werner, Isabel"]
[Result "0-1"]
[WhiteElo "2000"]
[BlackElo "2210"]

1.d4 d6 2.e4 Nf6 3.Nc3 c6 4.f3 Nbd7 5.Be3 e5 6.Nge2 Be7 7.Qd2 O-O 8.d5 Nb6
9.Ng3 cxd5 10.exd5 Ne8 11.Be2 f5 12.f4 exf4 13.Bxf4 g5 14.Be3 f4 15.Bxb6 Qxb6
16.Na4 Qc7 17.Ne4 Bf5 18.Nac3 Rc8 19.O-O-O Qa5 20.Kb1 h6 21.h4 Nf6 22.Qd4 Nxe4
23.Nxe4 gxh4 24.Rdf1 Bg6 25.Bg4 Rc7 26.Be6+ Kh7 27.Rf2 Qa6 28.b3 b6 29.Rhf1 Rxc2
30.Kxc2 Bf6 31.Qa4 Qxa4 32.bxa4 Bxe4+ 33.Kd2 Bg5 34.Kd1 Re8 35.Re1 Bg6 36.Ref1 Re7
37.Ke2 Bh5+ 38.Kd3 Bg6+ 39.Kc4 Rc7+ 40.Kb3 Bd3 41.Rd1 Bc4+ 42.Ka3 Ba6 43.Kb3 Bc4+
44.Ka3 Rc5 45.Rc2 Kg7 46.Rd4 Bf1 47.Rf2 Rc1 48.Kb2 Re1 49.Kc2 Kf6 50.Rdxf4+ Bxf4
51.Rxf4+ Ke5 52.Rxh4 Bxg2 53.Rxh6 Bxd5 54.Bxd5 Kxd5 55.Rh7 a5 56.Rc7 Re4
57.Kc3 Rxa4 58.Kb3 Rb4+ 59.Kc3 Rh4 60.Kb3 b5 61.Rc8 Rh3+ 62.Kb2 Kd4 63.Kc2 d5
64.Kb2 Re3 65.Rc2 b4 66.Rc8 a4 67.Rc7 a3+ 68.Kb1 Re1+ 69.Kc2 Ra1 70.Kb3 Rb1+
71.Ka4 Ke3 72.Re7+ Kd3 73.Rc7 d4 74.Rc8 Kd2 75.Rc7 d3 76.Rc4 Kd1 77.Rc7 d2
78.Rc8 Rb2  0-1

[Event "Dresden op"]
[Site "Dresden"]
[Date "1996.??.??"]
[Round "7"]
[White "Suhl, Dirk"]
[Black "Chekhov, Valery A"]
[Result "0-1"]
[WhiteElo "2245"]
[BlackElo "2535"]

1.d4 d6 2.Nc3 Nf6 3.e4 c6 4.a4 Qa5 5.Bd2 e5 6.Nd5 Qd8 7.Nxf6+ Qxf6 8.Bc3 Be6
9.Ne2 Nd7 10.Qd2 Qg6 11.Ng3 Be7 12.f4 exf4 13.Qxf4 O-O 14.Bd3 Qg5 15.Qf2 Nf6
16.h4 Qg4 17.Kd2 d5 18.e5 Ne4+ 19.Nxe4 dxe4 20.Be2 Qg6 21.Qe3 Rfd8 22.Rag1 c5
23.Kc1 Rac8 24.g4 cxd4 25.Bxd4 Bc4 26.Bd1 Qc6 27.c3 Bd3 28.Bb3 b5 29.Qf2 Bc4
30.axb5 Qxb5 31.Bxc4 Qxc4 32.Kb1 Qd3+ 33.Ka2 Rd5 34.b3 Ra5+ 35.Kb2 Ba3+ 36.Ka1 Bc1+
37.Qa2 Rxa2+ 38.Kxa2 Qc2+  0-1

[Event "Nord Cup 2nd"]
[Site "Duesseldorf"]
[Date "1996.??.??"]
[Round "2"]
[White "Orth, Roman"]
[Black "Fehmer, Carsten"]
[Result "1-0"]
[WhiteElo "1930"]
[BlackElo "2230"]

1.e4 d6 2.d4 Nf6 3.Nc3 Nbd7 4.f4 c6 5.Nf3 Qc7 6.e5 Nd5 7.Bd3 e6 8.O-O Be7
9.Ne4 Nb4 10.Be2 b6 11.c3 Na6 12.Nfg5 d5 13.Nxf7 Kxf7 14.Ng5+ Bxg5 15.fxg5+ Ke8
16.g6 hxg6 17.Bd3 Nxe5 18.dxe5 Qxe5 19.Bxg6+ Kd8 20.g3 Bd7 21.Qg4 Qd6 22.Bg5+ Kc8
23.Rf7 Qc5+ 24.Kg2 Qb5 25.Raf1 Nc5 26.b4 Ne4 27.Bxe4 dxe4 28.Rd1 c5 29.Rdxd7  1-0

[Event "Edinburgh"]
[Site "Edinburgh"]
[Date "1996.??.??"]
[Round "3"]
[White "Mannion, Stephen R"]
[Black "Shaw, John"]
[Result "1/2-1/2"]
[WhiteElo "2365"]
[BlackElo "2335"]

1.e4 d6 2.d4 Nf6 3.Nc3 e5 4.dxe5 dxe5 5.Qxd8+ Kxd8 6.Bg5 Be6 7.O-O-O+ Kc8
8.f4 exf4 9.Nf3 Nbd7 10.Bxf4 Bb4 11.Nb5 Ba5 12.Ng5 Re8 13.Bd3 Nc5 14.Nxe6 Nxe6
15.Bg3 a6 16.Na3 Nh5 17.Rdf1 Nxg3 18.hxg3 Ng5 19.Rf5 Bb6 20.Nc4 h6 21.c3  1/2-1/2

[Event "RUS-ch U20"]
[Site "Ekaterinburg"]
[Date "1996.??.??"]
[Round "1"]
[White "Belozerov, Andrei"]
[Black "Gelman, Alexander"]
[Result "0-1"]
[WhiteElo "2430"]
[BlackElo "2390"]

1.d4 d6 2.e4 Nf6 3.Nc3 e5 4.Nf3 Nbd7 5.Bc4 Be7 6.O-O O-O 7.Qe2 c6 8.a4 exd4
9.Nxd4 Re8 10.Ba2 Bf8 11.Qf3 Ne5 12.Qd1 Ng6 13.Re1 Qa5 14.h3 Bd7 15.Bd2 Qc5
16.Be3 Qa5 17.Qd2 Qh5 18.Bg5 d5 19.Bxf6 gxf6 20.Qd1 Qh6 21.Qf3 Re5 22.Nf5 Qg5
23.h4 Nxh4 24.Nxh4 Qxh4 25.g3 Bg4 26.Qg2 Qh5 27.exd5 Rae8 28.Ne4 Qf5 29.dxc6 Bf3
30.g4 Qf4 31.Qg3 Qxg3+ 32.fxg3 Bxe4  0-1

[Event "RUS-ch U20"]
[Site "Ekaterinburg"]
[Date "1996.??.??"]
[Round "7"]
[White "Motylev, Alexander"]
[Black "Gelman, Alexander"]
[Result "1/2-1/2"]
[WhiteElo "2280"]
[BlackElo "2390"]

1.e4 d6 2.d4 Nf6 3.Nc3 e5 4.dxe5 dxe5 5.Qxd8+ Kxd8 6.Bg5 Be6 7.O-O-O+ Nd7
8.f4 exf4 9.Nf3 Bc5 10.e5 h6 11.Bh4 g5 12.Nxg5 hxg5 13.Bxg5 Rh5 14.Bxf6+ Ke8
15.Be2 Nxf6 16.exf6 Rf5 17.Bf3 Rxf6 18.Bxb7 Rb8 19.Bf3 Kf8 20.Kb1 Rf5 21.Bg4 Re5
22.Bxe6 Rxe6 23.Rhf1 Bd6 24.Nd5 Be5 25.c3 Rg6 26.Rd2 Rd6 27.Kc2 a5 28.Rd3 c6
29.Nxf4 Bxf4 30.Rxf4 Rxd3 31.Kxd3 Rxb2 32.a4 Rxg2 33.h4 Rh2 34.Kd4 Rh3 35.c4 Ra3
36.Kc5 Rxa4 37.Kxc6 Rb4 38.Kd5 a4 39.Rf1 a3 40.Ra1 Rb3 41.h5 Rh3 42.Kd6 Rd3+
43.Kc6 Kg7 44.c5  1/2-1/2

[Event "RUS-ch U20"]
[Site "Ekaterinburg"]
[Date "1996.??.??"]
[Round "10"]
[White "Turov, Maxim"]
[Black "Prokopchuk, Evgeny"]
[Result "0-1"]
[WhiteElo "2385"]
[BlackElo "2450"]

1.e4 d6 2.d4 Nf6 3.Nc3 e5 4.dxe5 dxe5 5.Qxd8+ Kxd8 6.Bc4 Be6 7.Bxe6 fxe6
8.f3 Bd6 9.Be3 Nc6 10.O-O-O Ke7 11.Nge2 a6 12.Kb1 b5 13.Nc1 Rhb8 14.N3e2 a5
15.Nd3 Nd7 16.Rc1 Nb6 17.Bxb6 cxb6 18.c4 b4 19.c5 bxc5 20.Nxc5 Na7 21.Na4 h5
22.Rc4 Rc8 23.Rxc8 Rxc8 24.Rc1 Rf8 25.h4 Nb5 26.Nb6 Bc7 27.Nc4 a4 28.Ne3 Bb6
29.Nc2 Bc5 30.Ne1 Be3 31.Rd1 a3 32.Nc2 Bc5 33.Rd3 axb2 34.Kxb2 Ra8 35.Rb3 Ra4
36.Ne1 Nd6 37.Rd3 Bf2 38.Nc2 Bxh4 39.Kb3 Ra8 40.Nxb4 Rb8 41.g3 Bf6 42.a4 g5
43.Nc3 Rc8 44.Nb5 Nb7 45.Rc3 Na5+ 46.Kc2 Rxc3+ 47.Nxc3 h4 48.Kd3 Kd6 49.Nc2 Nb3
50.Ke3 Kc5 51.Ne1 Kc4 52.Nd1 hxg3 53.Ke2 Bd8 54.Kf1 Ba5 55.Ne3+ Kd4 56.N3c2+ Kc3
57.Ne3 Nd4  0-1

[Event "RUS-ch"]
[Site "Elista"]
[Date "1996.??.??"]
[Round "3"]
[White "Dvoirys, Semen I"]
[Black "Vorotnikov, Vladislav V"]
[Result "0-1"]
[WhiteElo "2570"]
[BlackElo "2510"]

1.e4 d6 2.d4 Nf6 3.Nc3 c6 4.Bd3 e5 5.Nf3 Qc7 6.h3 Be7 7.O-O Nbd7 8.a4 O-O
9.Be3 Re8 10.Qd2 Nf8 11.Rfe1 Ng6 12.Bf1 h6 13.g3 Bd7 14.Bg2 Rad8 15.Qe2 Bf8
16.a5 b5 17.axb6 axb6 18.dxe5 dxe5 19.Qa6 Rb8 20.Nd2 Bc8 21.Qe2 Be7 22.Ra4 Nd7
23.Rea1 Nc5 24.Ra7 Rb7 25.Ra8 Rd8 26.b4 Ne6 27.b5 cxb5 28.Nd5 Qxc2 29.Qxb5 Nc7
30.Nxc7 Qxc7 31.Nc4 Bd7 32.Qd5 Be6 33.Qb5 Bxc4 34.Rxd8+ Bxd8 35.Qe8+ Kh7  0-1

[Event "RUS-ch (Women)"]
[Site "Elista"]
[Date "1996.??.??"]
[Round "10"]
[White "Roschina, Tatiana"]
[Black "Shumiakina, Tatiana"]
[Result "1/2-1/2"]
[WhiteElo "2315"]
[BlackElo "2350"]

1.e4 d6 2.d4 Nf6 3.Nc3 e5 4.Nf3 Nbd7 5.Bc4 Be7 6.O-O O-O 7.Re1 c6 8.a4 b6
9.d5 cxd5 10.Nxd5 Nxd5 11.Bxd5 Rb8 12.Qd3 Bb7 13.Bd2 Bxd5 14.Qxd5 Qc7 15.Bb4 Rbc8
16.c3 Nf6 17.Qb3 a6 18.Nd2 Rfd8 19.c4 Qc6 20.Qd3 Nd7 21.b3 Nc5 22.Bxc5 dxc5  1/2-1/2

[Event "RUS-ch"]
[Site "Elista"]
[Date "1996.??.??"]
[Round "11"]
[White "Varavin, Viktor"]
[Black "Vorotnikov, Vladislav V"]
[Result "0-1"]
[WhiteElo "2520"]
[BlackElo "2510"]

1.e4 d6 2.d4 Nf6 3.Nc3 c6 4.f4 d5 5.e5 Ng8 6.g3 h5 7.h3 Bf5 8.Bg2 e6 9.Be3 Qb6
10.Rb1 c5 11.Nf3 Nc6 12.O-O Nxd4 13.Nxd4 cxd4 14.Qxd4 Qxd4 15.Bxd4 a6 16.Rbc1 Ne7
17.Bb6 Rc8 18.Rf2 Nc6 19.Nd1 Nb4 20.Rd2 Nxa2 21.Ra1 Rxc2 22.Rxc2 Bxc2 23.Rxa2 Bxd1
24.Ra1 Bb3 25.Rc1 f5 26.Rc7 h4 27.Rxb7 Bc4 28.Bf1 Bxf1 29.Kxf1 hxg3 30.Kg2 Rh6
31.Ra7 Bb4 32.Be3 a5 33.Rxg7 Be1 34.Ra7 Rh4 35.Ra6 Kd7 36.Ra7+ Kc6 37.Re7 d4
38.Rxe6+ Kc5 39.Bc1 Rh8 40.Rf6 Kd5 41.Rd6+ Ke4 42.e6 Rc8 43.e7 Rc2+ 44.Bd2 Rxd2+
45.Kf1 g2+ 46.Kxe1 g1=Q+ 47.Kxd2 Qe3+  0-1

[Event "Ermoupoli"]
[Site "Ermoupoli"]
[Date "1996.??.??"]
[Round "2"]
[White "Ignatiadis, Theodoros"]
[Black "Karayannis, Athanasios"]
[Result "0-1"]
[WhiteElo "2375"]
[BlackElo "2375"]

1.e4 Nf6 2.Nc3 d6 3.d4 c6 4.f3 g6 5.Be3 Qb6 6.Na4 Qa5+ 7.Nc3 Bg7 8.Qd2 b5
9.Bd3 O-O 10.Nge2 a6 11.Nd1 Qc7 12.Bh6 c5 13.Bxg7 Kxg7 14.c3 Nc6 15.Ne3 Rb8
16.d5 Ne5 17.Rc1 e6 18.Bb1 exd5 19.exd5 Re8 20.O-O Qb6 21.Kh1 Nc4 22.Nxc4 bxc4
23.Ng3 Qxb2 24.Qf4 Re5 25.Be4 Qa3 26.Qe3 Nxd5 27.Qd2 Rb2 28.Qd1 Ne3 29.Qxd6 Re6
30.Nh5+ gxh5 31.Qf4 Nxf1 32.Qg5+ Kf8 33.Qd8+ Re8 34.Qd6+ Kg7 35.Rxf1 Qxc3
36.Qg3+  0-1

[Event "Ermoupoli"]
[Site "Ermoupoli"]
[Date "1996.??.??"]
[Round "5"]
[White "Karayannis, Athanasios"]
[Black "Gelashvili, Tamaz"]
[Result "0-1"]
[WhiteElo "2375"]
[BlackElo "2345"]

1.d4 d6 2.e4 Nf6 3.Nc3 Nbd7 4.Nf3 e5 5.g3 g6 6.Bg2 Bg7 7.O-O O-O 8.h3 c6
9.a4 a5 10.Be3 Re8 11.dxe5 dxe5 12.Nd2 Qc7 13.Nc4 Bf8 14.Qe2 b6 15.Rfd1 Ba6
16.Nb1 Nc5 17.f3 Nh5 18.Bf2 Ne6 19.c3 Bc5 20.Bxc5 Nxg3 21.Qf2 Nxc5 22.Nbd2 Nh5
23.b4 Nd7 24.Ne3 Nf4 25.Ndc4 Red8 26.Rd2 axb4 27.cxb4 Bxc4 28.Nxc4 b5 29.Nb2 bxa4
30.Rxa4 Nf8 31.Rxa8 Rxa8 32.Nc4 N8e6 33.Bf1 Ra4 34.Ne3 h5 35.Nc2 Ra2 36.Kh2 Rb2
37.Qe3 Nd4 38.Qc3 Nb3  0-1

[Event "FIN-chT 9596"]
[Site "FIN"]
[Date "1996.??.??"]
[Round "7"]
[White "Hartikainen, Markku"]
[Black "Natri, Antero"]
[Result "0-1"]
[WhiteElo "2290"]
[BlackElo "2215"]

1.d4 d6 2.e4 Nf6 3.Nc3 c6 4.g3 g6 5.Bg2 Bg7 6.Nge2 O-O 7.O-O e5 8.h3 Nbd7
9.Bg5 h6 10.Be3 Re8 11.Qd2 Kh7 12.Rad1 Qe7 13.f4 b5 14.fxe5 dxe5 15.d5 b4
16.Na4 cxd5 17.exd5 e4 18.d6 Qe5 19.Bf4 Qa5 20.b3 Bb7 21.Be3 Ne5 22.Nd4 Rad8
23.a3 Rxd6 24.axb4 Qd8 25.Nc5 Ba8 26.c3 Nf3+ 27.Bxf3 exf3 28.Bf2 Qc8 29.Kh2 Re2
30.Qf4 Rd5 31.g4 Nxg4+ 32.Qxg4 Qb8+ 33.Kh1 Rg5 34.Bg3 Be5 35.Nd7 f2+ 36.Nf3 Rxg4  0-1

[Event "Finkenstein op"]
[Site "Finkenstein"]
[Date "1996.??.??"]
[Round "4"]
[White "Wiesinger, Johann"]
[Black "Csrnko, Werner"]
[Result "1/2-1/2"]
[WhiteElo "1750"]
[BlackElo "1980"]

1.e4 d6 2.d4 Nf6 3.Nc3 c6 4.Bg5 Qa5 5.Qd2 Nbd7 6.Nf3 e6 7.Be2 b5 8.a3 Be7
9.O-O O-O 10.e5 dxe5 11.dxe5 Nxe5 12.Nxe5 b4 13.Nxc6 bxc3 14.Nxe7+ Kh8 15.Nc6 Qc5
16.Qxc3 Qxg5 17.Qe5 Qh4 18.Bf3 Bb7 19.Nd4 Rab8 20.Bxb7 Rxb7 21.Nf3 Qc4 22.Rac1 Rc8
23.b3 Qa6 24.a4 Rbc7 25.Rfd1 Rxc2 26.Rxc2 Rxc2 27.Rd8+ Ng8 28.h3 Qb6 29.Qd4 Rc1+
30.Kh2 Qc7+ 31.Qd6 h6 32.Qxc7 Rxc7 33.Ne5 Kh7 34.Rd7 Rxd7 35.Nxd7 Ne7 36.b4 Nc8
37.b5 Kg8 38.a5 Nd6 39.b6 axb6 40.Nxb6 Nb5 41.a6 Na7 42.Nd7 f6 43.Kg3 Kf7
44.Kf4 Ke7 45.Nc5 Kd6 46.Nb7+ Kc6 47.Nd8+ Kd7 48.Nb7 Nc6 49.Ke4 Kc7 50.Nc5 f5+
51.Kd3 Kd6 52.Kc4 Na7 53.Kb4 e5 54.Nb7+ Kc7 55.Kc5 e4 56.Nd6 g6 57.Nb5+ Nxb5
58.Kxb5 Kb8 59.g3 Ka7 60.Kc5 Kxa6 61.Kd5 Kb5 62.g4 fxg4 63.hxg4 e3 64.fxe3 Kb6
65.Ke5 Kc5  1/2-1/2

[Event "FRA-chT"]
[Site "France"]
[Date "1996.??.??"]
[Round "?"]
[White "Okhotnik, Vladimir"]
[Black "Conquest, Stuart"]
[Result "0-1"]
[WhiteElo "2415"]
[BlackElo "2585"]

1.e4 d6 2.d4 Nf6 3.Nc3 c6 4.f4 Qa5 5.e5 Ne4 6.Qf3 d5 7.Bd3 Na6 8.Bxe4 dxe4
9.Qxe4 Nb4 10.Nf3 Qa6 11.a3 g6 12.Nh4 Be6 13.Rb1 Na2 14.Bd2 Nxc3 15.Bxc3 O-O-O
16.Qe2 Bc4 17.Qe3 Bh6 18.Nf3 Bd5 19.Kf2 f6 20.Ne1 Kb8 21.Nd3 Qb6 22.Rhe1 Qc7
23.Kg1 Qc8 24.Bb4 Rhe8 25.e6 Bc4 26.Nc5 b6 27.Na4 Qc7 28.g3 Ba6 29.Rbd1 Bg7
30.b3 Bb7 31.c4 c5 32.Nxc5 bxc5 33.Bxc5 f5 34.d5 Ba8 35.b4 Bf6 36.b5 Rc8
37.Bd4 Bxd4 38.Rxd4 Red8 39.a4 Qd6 40.Rb1 Rc5 41.Qe5 Rdc8 42.Rb4 a5 43.bxa6+ Ka7
44.Qe3 Kxa6 45.Qb3 Qc7 46.Kf2 Bb7 47.Rb5 Ka7 48.Qb4 Ba6 49.Qxc5+ Qxc5 50.Rxc5 Rxc5
51.Ke3 Bxc4 52.d6 exd6 53.Rxd6 Bb3 54.Kd4 Rc2 55.Rd7+ Kb6 56.a5+ Kxa5 57.Rxh7 Re2
58.Kc5 Rxe6 59.Ra7+ Ra6 60.Rxa6+ Kxa6 61.Kd6 Kb5 62.Ke5 Bd1 63.Kf6 Bh5 64.h3 Kc4
65.Kg5 Kd4 66.Kh4 Ke3 67.Kg5 Kf3 68.Kh4  0-1

[Event "FRA-chT"]
[Site "France"]
[Date "1996.??.??"]
[Round "?"]
[White "Georgiev, Krum"]
[Black "Okhotnik, Vladimir"]
[Result "1-0"]
[WhiteElo "2515"]
[BlackElo "2415"]

1.e4 d6 2.d4 Nf6 3.Nc3 c6 4.f4 Qa5 5.e5 Ne4 6.Bd2 Nxd2 7.Qxd2 d5 8.Nge2 f5
9.g4 fxg4 10.Ng3 e6 11.h3 gxh3 12.Rxh3 Na6 13.Bd3 h6 14.O-O-O Bd7 15.Bg6+ Kd8
16.Nh5 Nc7 17.Qf2 b5 18.Kb1 b4 19.Ne2 Rb8 20.Nc1 Nb5 21.Nb3 Qc7 22.f5 exf5
23.Rf3 Qc8 24.Bxf5 Bxf5 25.Rxf5 Kc7 26.Nf4 Kb6 27.Ng6 Rg8 28.Rf1 Bd6 29.exd6 Nxd6
30.Rf4 Ne4 31.Qe1 Qe6 32.Qxb4+ Kc7  1-0

[Event "FRA-ch"]
[Site "France"]
[Date "1996.??.??"]
[Round "2"]
[White "Koch, Jean Rene"]
[Black "Bauer, Christian"]
[Result "0-1"]
[WhiteElo "2490"]
[BlackElo "2465"]

1.e4 d6 2.d4 Nf6 3.Nc3 Nbd7 4.f4 e5 5.Nf3 exd4 6.Qxd4 c6 7.Be3 d5 8.e5 Ng4
9.Bg1 Nh6 10.Qd2 Bb4 11.a3 Qa5 12.O-O-O Bxc3 13.Qxc3 Qxc3 14.bxc3 Nb6 15.Kd2 Nc4+
16.Bxc4 dxc4 17.Nd4 Bd7 18.Re1 O-O-O 19.Kc1 c5 20.Nf3 b6 21.Nd2 Bc6 22.Bf2 Bxg2
23.Rhg1 Bd5 24.Rxg7 Rdg8 25.Rg5 Rxg5 26.fxg5 Nf5 27.Ne4 h6 28.Nd6+ Nxd6 29.exd6 hxg5
30.Re5 Rxh2 31.Bg3 Rh1+ 32.Kb2 Be6 33.Rxg5 Rg1 34.Bf4 Rxg5 35.Bxg5 Kd7 36.Bf4 f6
37.Kc1 Kc6 38.Kd2 Kd5 39.Ke3 Bd7 40.Bg3 Ba4 41.Bh4 Ke6 42.Kd2 Ke5 43.Ke3 f5
44.Bg3+ Kf6 45.d7 Ke7 46.Bb8 Kxd7 47.Kd2 a6 48.Bf4 Kc6 49.Bg3 Kd5 50.Bc7 b5
51.Bb8 a5 52.Bc7 b4 53.axb4 axb4 54.cxb4 cxb4 55.Ba5 c3+ 56.Kd3 Bb5+ 57.Ke3 Kc4
58.Ke2 b3 59.cxb3+ Kxb3+ 60.Ke3 c2  0-1

[Event "FRA-ch"]
[Site "France"]
[Date "1996.??.??"]
[Round "6"]
[White "Degraeve, Jean Marc"]
[Black "Chomet, Pascal"]
[Result "1/2-1/2"]
[WhiteElo "2515"]
[BlackElo "2385"]

1.d4 d6 2.e4 Nf6 3.Nc3 Nbd7 4.Nf3 e5 5.Bc4 Be7 6.O-O O-O 7.Re1 c6 8.a4 b6
9.d5 Bb7 10.dxc6 Bxc6 11.Bg5 Ne8 12.Bxe7 Qxe7 13.Bd5 Bxd5 14.Nxd5 Qd8 15.Nd2 Rc8
16.Nf1 Ndf6 17.Nfe3 Nxd5 18.Nxd5 Nf6 19.Nxf6+ Qxf6 20.Qd3 Qe6 21.b3 f5 22.exf5 Qxf5
23.Qxf5 Rxf5 24.c4 a5 25.Rad1 Rc6 26.Rd3 Kf7 27.Re4 Ke6 28.Re2 h6 29.Red2 Rf6
30.Kf1 Kd7 31.Rd5 Rc5 32.Ke2 Rxd5 33.Rxd5 Kc6 34.Ke3 Rf5 35.g3 Rh5 36.h4 Rf5
37.f3 h5 38.Ke4 Rf6 39.f4 exf4 40.gxf4 Re6+ 41.Kd4 g6 42.f5 gxf5 43.Rxf5 Rg6
44.Rxh5 Rg4+ 45.Kc3 Rg3+ 46.Kb2 Rh3 47.Rh7 Kc5 48.Ka3 Rh1 49.Rh5+ Kd4 50.Rb5 Kc3
51.Ka2 Rh2+ 52.Ka1  1/2-1/2

[Event "Chess Classics op"]
[Site "Frankfurt"]
[Date "1996.??.??"]
[Round "?"]
[White "Dreev, Alexey"]
[Black "Tischbierek, Raj"]
[Result "1/2-1/2"]
[WhiteElo "2670"]
[BlackElo "2525"]

1.d4 d6 2.e4 Nf6 3.Nc3 e5 4.dxe5 dxe5 5.Qxd8+ Kxd8 6.Bc4 Bb4 7.Bd2 Be6 8.Bxe6 fxe6
9.O-O-O Nbd7 10.f3 Ke7 11.Nh3 Rhd8 12.Nf2 Bd6 13.Nb5 a6 14.Nxd6 cxd6 15.Bb4 Nb8
16.Nd3 Nc6 17.Ba3 b5 18.f4 Ng4 19.h3 Ne3 20.fxe5 Nxd1 21.Bxd6+ Kf7 22.Rf1+ Kg8
23.Rxd1 Ra7 24.b3 Rc8 25.Nc5 Nd8 26.Rf1 Nc6 27.Nxe6 Nxe5 28.Bxe5 Re7 29.Nxg7 Rxe5
30.Nf5 Rc7 31.Rf4 Rec5 32.Ne3 Rf7 33.Rf5 Rcxf5 34.exf5 Rd7 35.g4 Kf7 36.g5 Rd4
37.Ng4 Kf8 38.a3 Rf4 39.f6 Rf5 40.h4 Rf4 41.Ne5 Rxh4 42.g6 Rh1+ 43.Kd2 hxg6
44.Nxg6+ Kf7 45.Ne5+ Kxf6 46.Nd7+ Ke7 47.Nc5 Rh6 48.Kc3  1/2-1/2